LEADER 00998nam 2200349 450 001 9910569199403321 005 20221029190122.0 035 $a(CKB)3710000000882737 035 $a(NjHacI)993710000000882737 035 $a(EXLCZ)993710000000882737 100 $a20221029d2016 uy 0 101 0 $aeng 135 $aur||||||||||| 181 $ctxt$2rdacontent 182 $cc$2rdamedia 183 $acr$2rdacarrier 200 00$aWilms tumor /$feditor, Marry M. van den Heuvel-Eibrink 210 1$aBrisbane (AU) :$cExon Publications,$d[2016] 210 4$d©2016 215 $a1 online resource (293 pages) $cillustrations 311 $a0-9944381-1-7 320 $aIncludes bibliographical references. 606 $aNephroblastoma 615 0$aNephroblastoma. 676 $a616.99461 702 $aHeuvel-Eibrink$b Marry M. van den 801 0$bNjHacI 801 1$bNjHacl 906 $aBOOK 912 $a9910569199403321 996 $aWilms tumor$92859145 997 $aUNINA LEADER 01533nam--2200325---450 001 9910312047603321 005 20241115113242.0 012 $acht, ltum k-t, drVa (3) 1829 (A)$2fei$5IT-NA0338: B VIII 56 100 $a20190326g18291833-kmy0itay50------ba 101 0 $ager 102 $aDE 140 $aa-----------------bb0------- 200 1 $aHandbuch zur Erkennung der nutzbarsten und am häufigsten vorkommenden Gewachse von H.F. Link ... Erster [-vierter] Theil 210 $aBerlin$cin der Haude und Spenerschen Buchhandlung$d1829-1833 215 $a3 v.$d8° 307 $aSegn.: ?? 1-56? 57? (v. 1) 307 $a1.: VIII, 864 p. ; 2.: 533 p. 321 1 $aPritzel$b1872$c5391$uhttps://books.google.it/books?id=_FnAgYaaY0AC&printsec=frontcover&hl=it&source=gbs_ge_summary_r&cad=0#v=snippet&q=link&f=false 620 $aGermania.$dBerlino 700 1$aLink,$bHeinrich Friedrich$f<1767-1851>$0763402 801 0$aIT$bUNINA$gREICAT$2UNIMARC 856 4 $zVisualizza la versione elettronica in Bibliothèque nationale de France$uhttps://gallica.bnf.fr/ark:/12148/bpt6k974191$e20190326 856 4 $zVisualizza la versione elettronica in Bibliothèque nationale de France$uhttps://gallica.bnf.fr/ark:/12148/bpt6k974207$e20190326 901 $aAQ 912 $a9910312047603321 952 $aB VIII 56$b8396$fDBV 952 $aB VIII 57$b8396$fDBV 959 $aDBV 996 $aHandbuch zur Erkennung der nutzbarsten und am häufigsten vorkommenden Gewachse von H.F. Link ... Erster Theil$91548781 997 $aUNINA